000 00898nam a2200277 i 4500
003 DO-SdBNP
005 20260302131951.0
007 ta
008 260302b2014 dr ||||| |||| 00| 0 spa d
020 _a9789945492484
040 _aDO-SdBNP
_bspa
_cBNPHU
_erda
041 _aspa
082 4 _axxx
_bxxx
_222
100 _aTorres Marte, Esteban A.,
_eautor
_4aut.
_979232
245 1 0 _aAntropología de las ideas /
_cEsteban A. Torres Marte
264 1 _aSanto Domingo :
_bEdiciones del Comisionado,
_c2014.
300 _a181 páginas ;
_c23 cm.
336 _atexto
_btxt
_2rdacontent
337 _asin mediación
_bn
_2rdamedia
338 _avolumen
_bnc
_2rdacarrier
500 _aIncluye datos biográficos del autor en las solapas
500 _aIncluye referencias bibliográficas y notas al pie de las páginas
590 _aInventariado, 2026/BT
910 _aBtavárez
942 _2ddc
_cLBS1
999 _c60407
_d60407